<?xml version="1.0" encoding="UTF-8"?>
<record
    xmlns:xsi="http://www.w3.org/2001/XMLSchema-instance"
    xsi:schemaLocation="http://www.loc.gov/MARC21/slim http://www.loc.gov/standards/marcxml/schema/MARC21slim.xsd"
    xmlns="http://www.loc.gov/MARC21/slim">

  <leader>01925nam a2200313 a 4500</leader>
  <controlfield tag="001">BRCA_4976</controlfield>
  <controlfield tag="005">20190320204902.0</controlfield>
  <controlfield tag="008">271010s1710----mx-######v---#000-0#spa-#</controlfield>
  <datafield tag="041" ind1=" " ind2=" ">
    <subfield code="a">spa</subfield>
  </datafield>
  <datafield tag="044" ind1=" " ind2=" ">
    <subfield code="a">mx</subfield>
  </datafield>
  <datafield tag="084" ind1=" " ind2=" ">
    <subfield code="a">DOC63</subfield>
    <subfield code="b">.F45</subfield>
    <subfield code="c">1710</subfield>
  </datafield>
  <datafield tag="100" ind1="1" ind2=" ">
    <subfield code="a">Fern&#xE1;ndez de la Cueva Henr&#xED;quez, Francisco,</subfield>
    <subfield code="c">Duque de Alburquerque,</subfield>
    <subfield code="d">1666-1724</subfield>
    <subfield code="9">12665</subfield>
  </datafield>
  <datafield tag="245" ind1="1" ind2="0">
    <subfield code="a">Documento firmado por el Virrey Francisco  Fern&#xE1;ndez de la Cueva Henr&#xED;quez</subfield>
    <subfield code="c">Francisco Fern&#xE1;ndez de la Cueva Henr&#xED;quez.</subfield>
  </datafield>
  <datafield tag="260" ind1=" " ind2=" ">
    <subfield code="a">M&#xE9;xico</subfield>
    <subfield code="c">1710</subfield>
  </datafield>
  <datafield tag="300" ind1=" " ind2=" ">
    <subfield code="a">[4] fojas sueltas</subfield>
    <subfield code="c">30 x 21 cm.</subfield>
  </datafield>
  <datafield tag="500" ind1=" " ind2=" ">
    <subfield code="a">Documento firmado el 22 de agosto de 1710.</subfield>
  </datafield>
  <datafield tag="500" ind1=" " ind2=" ">
    <subfield code="a">Documento en el cual Don Francisco Fern&#xE1;ndez de la Cueva Henr&#xED;quez, Duque de Albuquerque, en obedecimiento  de las Reales C&#xE9;dulas dadas en Madrid el 27 de mayo y 19 de noviembre de 1709 y con voto consultivo del Real Acuerdo mandada a los Jueces Oficiales  de la Real Hacienda y Casa de la Ciudad de M&#xE9;xico, se recaude el alimento de los a&#xF1;os que se expresan , en las personas que gozan sueldos  y encomiendas exceptuando a los militares y se remitan a esta Real Caja a raz&#xF3;n de un 10%.</subfield>
  </datafield>
  <datafield tag="500" ind1=" " ind2=" ">
    <subfield code="a">Contiene dos sellos con el escudo de la casa de Borb&#xF2;n y el lema: &#xB4;SELLO QUARTO. UN QUARTILLO. ANOS DE MIL SETECIENTOS Y DOS  Y SETECIENTOS Y TRES&#xB4;.</subfield>
  </datafield>
  <datafield tag="500" ind1=" " ind2=" ">
    <subfield code="a">El documento contiene la leyenda DOC. #63.</subfield>
  </datafield>
  <datafield tag="500" ind1=" " ind2=" ">
    <subfield code="a">Papel con marca de agua.</subfield>
  </datafield>
  <datafield tag="500" ind1=" " ind2=" ">
    <subfield code="a">Estado de conservaci&#xF3;n: se encuentran parcialmente separadas las fojas.</subfield>
  </datafield>
  <datafield tag="506" ind1="0" ind2=" ">
    <subfield code="a">Fondo Reservado. Para su consulta es necesario credencial de usuario y carta de motivos.</subfield>
  </datafield>
  <datafield tag="546" ind1=" " ind2=" ">
    <subfield code="a">Texto en : espa&#xF1;ol de principios del siglo XVIII</subfield>
  </datafield>
  <datafield tag="600" ind1="1" ind2="4">
    <subfield code="a">Fern&#xE1;ndez de la Cueva Henr&#xED;quez, Francisco,</subfield>
    <subfield code="c">Duque de Alburquerque,</subfield>
    <subfield code="d">1666-1724</subfield>
    <subfield code="x">Historia</subfield>
    <subfield code="9">12666</subfield>
  </datafield>
  <datafield tag="610" ind1="2" ind2="4">
    <subfield code="a">Documentos legales</subfield>
    <subfield code="v">Impreso</subfield>
    <subfield code="x">Historia</subfield>
    <subfield code="9">12667</subfield>
  </datafield>
  <datafield tag="651" ind1=" " ind2="4">
    <subfield code="a">M&#xE9;xico</subfield>
    <subfield code="v">Historia</subfield>
    <subfield code="y">Colonia, 1521-1821</subfield>
    <subfield code="9">12668</subfield>
  </datafield>
  <datafield tag="902" ind1=" " ind2=" ">
    <subfield code="a">FDH</subfield>
  </datafield>
  <datafield tag="942" ind1=" " ind2=" ">
    <subfield code="2">lcc</subfield>
    <subfield code="c">D</subfield>
  </datafield>
  <datafield tag="999" ind1=" " ind2=" ">
    <subfield code="c">4670</subfield>
    <subfield code="d">4670</subfield>
  </datafield>
  <datafield tag="952" ind1=" " ind2=" ">
    <subfield code="0">0</subfield>
    <subfield code="1">0</subfield>
    <subfield code="4">0</subfield>
    <subfield code="7">0</subfield>
    <subfield code="a">BRCA</subfield>
    <subfield code="b">BRCA</subfield>
    <subfield code="d">2010-10-27</subfield>
    <subfield code="l">0</subfield>
    <subfield code="o">DOC63 .F45 1710</subfield>
    <subfield code="p">5052</subfield>
    <subfield code="r">2019-03-22 00:00:00</subfield>
    <subfield code="w">2019-03-22</subfield>
    <subfield code="y">D</subfield>
  </datafield>
</record>
